LEADER 01243nam0-2200445---450 001 990007454030403321 005 20230112124217.0 010 $a88-15-09093-2 035 $a000745403 035 $aFED01000745403 035 $a(Aleph)000745403FED01 100 $a20030807d2003----km-y0itay50------ba 101 0 $aita 102 $aIT 105 $ay---n---001yy 200 1 $a<>autoritą indipendenti$fFabio Merusi, Michele Passaro 210 $aBologna$cil Mulino$dc2003 215 $a123 p.$d18 cm 225 1 $aFarsi un'idea$v82 300 $aIn cop.: Un potere senza partito 610 0 $aAutoritą amministrative indipendenti - Italia - Diritto 676 $a342.450 664$v20$zita 700 1$aMerusi,$bFabio$0109005 701 1$aPassaro,$bMichele$0262896 801 0$aIT$bUNINA$gRICA$2UNIMARC 901 $aBK 912 $a990007454030403321 952 $aDP XXIII/211$b132$fDEC 952 $aD-III-116$fDDRC 952 $aN 242 (b)$bs.i.$fDSS 952 $aN 193$bs.i.$fDSS 952 $aXI E 39$b7140$fDDCIC 952 $aFL AMM 2$bFL-223$fDECBC 959 $aDEC 959 $aDDRC 959 $aDSS 959 $aDDCIC 959 $aDECBC 996 $aAutoritą indipendenti$9679799 997 $aUNINA LEADER 01031nam a2200253 i 4500 001 991001812519707536 008 060822s1998 dcua b 001 0 eng d 020 $a0883855275 035 $ab13431043-39ule_inst 040 $aDip.to Studi Giuridici$bita 082 00$a511.64$221 100 1 $aMorris, S. Brent$0624149 245 10$aMagic tricks, card shuffling, and dynamic computer memories /$cS. Brent Morris 260 $a[Washington, D.C.] :$bMathematical Association of America,$cc1998 300 $axviii, 148 p. :$bill. ;$c23 cm. 440 0$aSpectrum series 504 $aInclude (riferimenti bibliografici (p. [139]-144) 650 4$aMatematica$xPrincipi generali 907 $a.b13431043$b21-09-06$c22-08-06 912 $a991001812519707536 945 $aLE027 511.64 MOR01.01$g1$i2027000123575$lle027$op$pE40.00$q-$rl$s- $t0$u0$v0$w0$x0$y.i14280607$z22-08-06 996 $aMagic tricks, card shuffling, and dynamic computer memories$91097609 997 $aUNISALENTO 998 $ale027$b22-08-06$cm$da $e-$feng$gdcu$h0$i0 LEADER 00928nam a2200265 i 4500 001 991000496949707536 008 041020s2002 enkab 001 0 eng d 020 $a0198604602 035 $ab13229679-39ule_inst 040 $aDip.to Matematica$beng 082 0 $a510$222 084 $aAMS 00A05 084 $aLC QA93.H473 100 1 $aHiggins, Peter M.$0524604 245 10$aMathematics for the imagination /$cPeter M. Higgins 260 $aOxford :$bOxford University Press,$c2002 300 $a229 p. :$bill., map ;$c20 cm 504 $aIncludes index 650 0$aMathematics$vPopular works 907 $a.b13229679$b21-09-06$c19-10-04 912 $a991000496949707536 945 $aLE013 00A HIG11 (2002)$g1$i2013000149288$lle013$op$pE11.63$q-$rl$s- $t0$u11$v0$w11$x0$y.i13955998$z06-12-04 996 $aMathematics for the imagination$91101554 997 $aUNISALENTO 998 $ale013$b19-10-04$cm$da $e-$feng$genk$h0$i0